000 00456pab a2200169 454500
008 180718b2000 xxu||||| |||| 00| 0 eng d
100 _aDenison, Dwight V.
245 _aTax evasion from a policy perspective: the case of the motor fuels tax
260 _c2000
300 _ap.163-72
362 _aMar-Apr
650 _aTax evasion
650 _aTaxation
700 _aEger, Robet J., III.
773 _aPublic Administration Review
909 _a45184
999 _c45184
_d45184